| 000 | 00606nam a2200217Ia 4500 | ||
|---|---|---|---|
| 003 | GCL | ||
| 008 | 140319s9999 xx 000 0 eng d | ||
| 040 |
_aGCL / _cGCL |
||
| 082 | 0 | 4 |
_a808.0207 _bIS |
| 100 | 1 | _aIGWE, S.OKORONKWO | |
| 245 | 1 | 0 |
_aSTUDENT'S GUIDE TO RESEARCH PAPERS IN EDUCATION / _cIGWE, S.OKORONKWO |
| 260 |
_a[S.N] : _bEVANS. BROTHERS LIMITED ، _c1993 |
||
| 300 | _a69 | ||
| 650 | 0 | 4 | _aRESEARCH |
| 650 | 0 | 4 | _aEDUCATION |
| 650 | 0 | 4 | _aREPORT WRITING |
| 650 | 0 | 4 | _aREPORT WRITING - BAND BOOKS MANUEL |
| 650 | 0 | 4 | _aRESEARCH HAND BOOKS MANUALS |
| 650 | 0 | 4 | _aSTUDENTS |
| 942 |
_2ddc _cBK |
||
| 999 |
_c25341 _d25341 |
||